Interpolation and approximation /
Guardado en:
| Autor Principal: | |
|---|---|
| Formato: | Libro |
| Idioma: | English |
| Publicado: |
Waltham, Mass. :
Blaisdell,
c1963.
|
| Series: | Introductions to higher mathematics
|
| Materias: | |
| Etiquetas: |
Agregar Etiqueta
Sin Etiquetas, Sea el primero en etiquetar este registro!
|
| LEADER | 01272nam a22002415a 4500 | ||
|---|---|---|---|
| 001 | MAT.inmabb005059 | ||
| 008 | 830824s1963####maua#####b####001#0#eng## | ||
| 005 | 20130409171102.0 | ||
| 245 | 1 | 0 | |a Interpolation and approximation / |c Philip J. Davis. |
| 260 | |a Waltham, Mass. : |b Blaisdell, |c c1963. | ||
| 300 | |a xiv, 393 p. : |b il. ; |c 24 cm. | ||
| 440 | 0 | |a Introductions to higher mathematics | |
| 490 | 0 | |a A Blaisdell book in the pure and applied sciences | |
| 504 | |a Incluye referencias bibliográficas (p. 375-382) e índice. | ||
| 505 | 0 | |a 1. Introduction -- 2. Interpolation -- 3. Remainder theory -- 4. Convergence theorems for interpolatory processes -- 5. Some problems on infinite interpolation -- 6. Uniform approximation -- 7. Best approximation -- 8. Least square approximation -- 9. Hilbert space -- 10. Orthogonal polynomials -- 11. The theory of closure and completeness -- 12. Expansion theorems for orthogonal functions -- 13. Degree of approximation -- 14. Approximation of linear functionals. | |
| 510 | 4 | |a MR, |c 28 #393 | |
| 100 | 1 | |a Davis, Philip J., |d 1923- | |
| 650 | 0 | |a Approximation theory. | |
| 650 | 0 | |a Interpolation. | |
| 084 | |a 41-02 (42-02) |2 msc2000 | ||
| 010 | |a 63010249 | ||
| 040 | |a DLC/ICU |c ICU |d DLC | ||
| 859 | |h 41 |i D261 |p A-2572 |b BIB. MATEMATICA | ||
